The Americas Geography by letter C, excluding the U.S. - Statistics

General Stats
  • This quiz has been taken 125 times
    110 since last reset
  • The average score is 14 of 20
Answer Stats
Hint Answer % Correct
Southernmost country in the Americas Chile
96%
State in Mexico also very small dog breed Chihuahua
91%
Country that abolished its military in 1948 Costa Rica
91%
Capital of Venezuela Caracas
89%
Canadian city hosting a famous stampede Calgary
86%
Resort city in Yucatan Cancun
84%
Largest island of the Greater Antilles Cuba
83%
Most famous beach in Brazil Copacabana
76%
Turks & ______ Islands Turks & Caicos Islands
76%
British Overseas Territory in the Caribbean Cayman Islands
75%
Famous landmark of Toronto CN Tower
75%
One of the "ABC"-islands Curacao
75%
Capital of St. Lucia Castries
69%
Spicy capital of French Guiana Cayenne
68%
Historic capital of the Inca Empire Cusco
65%
Third largest city in Colombia Cali
58%
Second largest city in Argentina Cordoba
53%
Capital of Prince Edward Island Charlottetown
41%
Currency of Costa Rica Colón
21%
Mexican state on the Yucatan Peninsula Campeche
16%
No matching quizzes found
Score Distribution
Percent of People with Each Score
Percentile by Number Answered
Your Score History
You have not taken this quiz since the last reset